|
|
|
|
| LEADER |
00000nam0a2200000 4500 |
| 001 |
110416 |
| 005 |
20231031120443.0 |
| 010 |
|
|
|a 5469004384
|
| 035 |
|
|
|a (RuTPU)RU\TPU\book\119249
|
| 090 |
|
|
|a 110416
|
| 100 |
|
|
|a 20070222d2005 m y0rusy50 ca
|
| 101 |
0 |
|
|a rus
|
| 102 |
|
|
|a RU
|
| 105 |
|
|
|a a j 000zy
|
| 200 |
1 |
|
|a Обслуживание и модернизация локальных сетей
|e самоучитель
|f А. Поляк-Брагинский
|
| 210 |
|
|
|a СПб.
|c Питер
|d 2005
|
| 215 |
|
|
|a 352 с.
|c ил.
|
| 225 |
1 |
|
|a Популярный самоучитель
|
| 330 |
|
|
|a Прогресс не стоит на месте, и именно на стыке связи и компьютерных технологий его темпы особенно высоки. Поэтому любая компьютерная сеть периодически требует модернизации — перепланировки, обновления и расширения коммутационного оборудования, переукладки кабелей, переустановки драйверов устройств... Эта книга о том, как правильно рассчитать локальную сеть, как поддерживать ее в работоспособном состоянии и как модернизировать ее устаревающие компоненты.
|
| 610 |
1 |
|
|a компьютерные сети
|
| 610 |
1 |
|
|a локальные сети
|
| 610 |
1 |
|
|a обслуживание
|
| 610 |
1 |
|
|a обновление
|
| 610 |
1 |
|
|a серверы
|
| 610 |
1 |
|
|a Интернет
|
| 610 |
1 |
|
|a администрирование
|
| 610 |
1 |
|
|a защита
|
| 610 |
1 |
|
|a самоучители
|
| 610 |
1 |
|
|a учебные пособия
|
| 675 |
|
|
|a 681.324(075.4)
|v 3
|
| 700 |
|
1 |
|a Поляк-Брагинский
|b А.
|
| 801 |
|
1 |
|a RU
|b 63413507
|c 20070222
|g PSBO
|
| 801 |
|
2 |
|a RU
|b 63413507
|c 20070322
|g PSBO
|
| 942 |
|
|
|c BK
|
| 959 |
|
|
|a 22/20070222
|d 1
|e 137,00
|f ЧЗТЛ:1
|